000 00717nam a22002777a 4500
003 UA-OsUOA
001 26654
007 ta
008 20040608b un ||||| |||| 00| 0 ukr d
100 _aЯцик А.В.
700 _aАнтонов О.Д.
700 _aКорбутяк М.В.
090 _a504.4(038)
_bЯ64
942 _cBK
040 _aUA-OsUOA
_brus
_cUA-OsUOA
_dUA-OsUOA
245 _aРосійсько-український гідролого-екологічний словник
300 _a112 с.
955 _a0
041 _arus
080 _a504.4(038)
020 _a5-337-01233-9
260 _aКиїв
_bУрожай
_c1992
044 _aUA
650 7 _2UDC
999 _c312981
_d312981